Memoria correspondiente al año 1935
Wedi'i Gadw mewn:
| Awdur Corfforaethol: | |
|---|---|
| Fformat: | Llyfr |
| Iaith: | Sbaeneg |
| Cyhoeddwyd: |
Santiago
Empresa Periodística El Imparcial
1936
|
| Rhifyn: | 1a. ed |
| Pynciau: | |
| Tagiau: |
Ychwanegu Tag
Dim Tagiau, Byddwch y cyntaf i dagio'r cofnod hwn!
|
MARC
| LEADER | 00000nam a2200000 a 4500 | ||
|---|---|---|---|
| 001 | UCJ7781 | ||
| 003 | CL-VaPUC | ||
| 008 | 070124e19360000CL |||||||||||||||||spa|d | ||
| 082 | 0 | 4 | |a 307 |b PRO |2 21 |
| 110 | 2 | |a Protección Mutua de Chile |e author |9 516254 | |
| 245 | 1 | 0 | |a Memoria correspondiente al año 1935 |
| 250 | |a 1a. ed | ||
| 300 | |a pág. irreg | ||
| 942 | |c BK | ||
| 945 | |d 20070124 00:00:00 |a rinostro | ||
| 260 | |a Santiago |b Empresa Periodística El Imparcial |c 1936 | ||
| 500 | |a Front.: Edificio de la Institución, grabado | ||
| 650 | 0 | |a Mutualismo |9 434604 | |
| 650 | 0 | |a Ilustraciones |9 369481 | |
| 650 | 0 | |a Edificios públicos |9 269003 | |
| 651 | 0 | |a Santiago |9 265444 | |
| 583 | |a last modification |c 20070124 00:00:00 |k Rodrigo Vera | ||
| 999 | |c 323713 |d 323711 | ||
| 952 | |0 0 |1 0 |4 0 |6 307_000000000000000_PRO_1936 |7 0 |8 X |9 403487 |a FDOBUD |b FDOBUD |d 2019-11-22 |i 1068687 |o 307 PRO 1936 |p 1068687 |r 2019-11-22 |w 2019-11-22 |y BK_X |k BUD | ||